000 00756nam a2200217Ia 4500
003 GCL
008 140319s9999 xx 000 0 ara d
040 _aGCL /
_cGCL
082 0 4 _a412
_bع ق
100 1 _aعبدالصبور شاهين
245 1 0 _aالقراءات القرأنية فى ضوء علم الحديث /
_cعبدالصبور شاهين
260 _a[S.N] :
_bمكتبة الخانجى
300 _a469 ص
490 _aدراسات فى القرأن والعربية
_v0
650 0 4 _aالاشتقاق
650 0 4 _aالاصوات اللغوية
650 0 4 _aالكلمات الدخيلة
650 0 4 _aالقران، القراءات والتجويد
650 0 4 _aاللغة العربية - الالفاظ
942 _2ddc
_cBK
999 _c37277
_d37277